| 000 | 00892nam a2200205 a 4500 | ||
|---|---|---|---|
| 001 | BRCA_1071 | ||
| 005 | 20190320203251.0 | ||
| 008 | 190508s2002----sp-a---###---#000-0#spa-# | ||
| 020 | _a8488044232 | ||
| 050 | 4 |
_aNK5162 _b.V53 2002 |
|
| 245 | 1 | 0 | _aVidrio español del Museo de Artes Decorativas de Praga. |
| 260 |
_a[Segovia] _bReal Fábrica de Cristales de la Granja : Fundación Centro Nacional del vidrio _c2002 |
||
| 300 |
_a255 p. _bil. a color _c23 cm. |
||
| 500 | _aCatálogo de la exposición realizada en la Real Fábrica de Cristales de la Granja (Museo Nacional del Vidrio), Segovia, 30 mayo, 2002 - 12 enero, 2003 | ||
| 504 | _aBibliografía: p. 243-251 | ||
| 610 | 2 | 4 |
_aMuseo de Artes Decorativas de Praga _xColecciones de vidrio _93527 |
| 610 | 2 | 4 |
_aReal Fábrica de Cristales de la Granja _vExposiciones _93528 |
| 650 | 1 | 4 |
_aVidrio español _ySiglo XVI a XIX _93529 |
| 942 |
_2lcc _cB |
||
| 999 |
_c950 _d950 |
||